| 000 | 01012nmm a2200229 a 4500 | ||
|---|---|---|---|
| 005 | 20241012063859.0 | ||
| 008 | 011002s1999 r 000 0 eng d | ||
| 035 | _aUPN01000112379 | ||
| 049 | _aI | ||
| 050 | 4 |
_aLB1029 G3 _bG3.7 |
|
| 245 | 0 | 0 | _aGalería de juegos de ciencias naturales. |
| 260 |
_aMéxico : _bVermic, _cc1999 |
||
| 300 |
_a1 disco óptico de computador : _bson., col. : _c4 3/4 plg. |
||
| 538 | _aRequisitos del sistema: Computadora PC 386 o superior; 580 Kb. libres de memoria; Dos: Unidad de CD-ROM; 27 Mb. de espacio en disco duro para su instalación; Tarjeta de sonido; Mouse, Microsoft o compatible. | ||
| 521 | _aPara 3o. 4o. 5o. y 6o. de educación primaria. | ||
| 505 | _aLos seres vivios -- El cuerpo humano -- Alimentación y salud humana -- Ciencia y tecnología -- El ambiente y su protección. | ||
| 653 | 0 |
_aCIENCIAS NATURALES - _xESTUDIO Y ENSEÑANZA (ELEMENTAL) |
|
| 650 | 4 |
_aJuegos educativos _93952 |
|
| 901 | _a183636 | ||
| 905 | _aElectronicos | ||
| 999 |
_c86287 _d86287 |
||